[Event "VI Sunway Sitges Open 2019"]
[Site "Sitges"]
[Date "2019.12.15"]
[Round "3.6"]
[White "Sethuraman, S.P."]
[Black "Saduakassova, Dinara"]
[Result "1-0"]
[WhiteElo "2638"]
[BlackElo "2505"]
[Annotator "TA"]
[PlyCount "65"]
[EventDate "2019.12.13"]
[EventType "swiss"]
[EventCountry "ESP"]
[SourceTitle "playchess.com"]
[Source "ChessBase"]
[SourceQuality "1"]

{[%evp 21,65,33,39,33,45,30,41,38,26,36,26,23,35,18,31,40,33,41,89,89,82,82,134,148,141,150,133,125,468,464,526,502,1184,1102,1372,953,792,674,693,693,659,590,574,574,803,803]} 1. e4 e5 2. Nf3 Nc6 3. Bb5 a6 4. Ba4 Nf6 5. O-O Nxe4 6. d4 b5 7. Bb3 d5 8. dxe5 Be6 9. Nbd2 Nc5 10. c3 Be7 11. Bc2 d4 12. Nb3 {[%cal Rf3d4] C83: Open Ruy Lopez: 9 c3 Be7} d3 (12... dxc3 13. bxc3 Qxd1 14. Rxd1 O-O 15. Bg5 Nxb3 16. axb3 h6 17. Bxe7 Nxe7 18. b4 c5 19. Be4 Ra7 20. bxc5 {1-0 (36) Vachier Lagrave,M (2779)-Yu,Y (2738) Stavanger 2019}) 13. Bb1 {Hoping for Nxc5.} Nxb3 14. axb3 {White is slightly better.} Bf5 15. Re1 O-O 16. Be3 Qd5 17. Bd4 Rfd8 18. h4 Nxd4 19. Nxd4 d2 $146 ({Predecessor:} 19... Be4) 20. Bxf5 dxe1=Q+ 21. Qxe1 Kf8 ({Black should play} 21... c5 22. Be4 Qd7) 22. Rd1 $16 {Strongly threatening Ne6+!} ({Inferior is} 22. Bxh7 g6 $17) 22... Qc5 23. Bxh7 Bxh4 24. Qe4 Be7 $2 {[%mdl 8192] [#]} (24... Bg5 $16) 25. Rd3 $18 {White is clearly winning.} Qd5 26. Qf4 g5 (26... Bd6 $142 27. exd6 Qxd6) 27. Qh2 Bc5 28. Qh6+ {[%mdl 64] [#] Double Attack} Ke8 29. Nc6 {[%mdl 64] Discovered Attack} Qxd3 30. Bxd3 Rxd3 31. e6 Rd1+ 32. Kh2 Bd6+ 33. g3 {Accuracy: White = 86%, Black = 35%.} 1-0

[Event "VI Sunway Sitges Open 2019"]
[Site "Sitges"]
[Date "2019.12.15"]
[Round "3.7"]
[White "Krzyzanowski, Marcin"]
[Black "Tabatabaei, M.amin"]
[Result "0-1"]
[WhiteElo "2506"]
[BlackElo "2635"]
[Annotator "TA"]
[PlyCount "88"]
[EventDate "2019.12.13"]
[EventType "swiss"]
[EventCountry "ESP"]
[SourceTitle "playchess.com"]
[Source "ChessBase"]
[SourceQuality "1"]

{[%evp 9,88,0,0,0,0,0,40,36,38,0,0,0,0,0,0,0,0,0,29,33,97,-7,0,-18,-16,-13,-25,-38,-5,-6,0,0,0,-12,27,50,72,70,64,60,65,64,86,58,95,100,119,88,82,92,87,61,108,82,131,95,157,162,156,161,177,161,192,-84,-89,-171,-178,-285,-268,-275,-281,-436,-429,-609,-591,-29988,-29989,-29989,-29990,-29968,-29968]} 1. c4 e5 2. g3 c6 3. Bg2 d5 4. cxd5 cxd5 5. d4 e4 6. Nc3 {A20: English Opening: 1...e5} (6. Nh3 Bb4+ 7. Bd2 Qe7 8. O-O Nf6 9. Qa4+ Nc6 10. Bxb4 Qxb4 11. Qxb4 Nxb4 12. Nc3 Bf5 13. Rac1 Nc6 {1-0 (73) Lenderman,A (2611)-Krysa,L (2548) chess.com INT 2018}) 6... Nc6 7. Nh3 f5 8. O-O {White is slightly better.} Be7 9. Nf4 Nf6 10. Qb3 {[%cal Rf4d5]} Na5 11. Qa4+ Nc6 $146 ({Predecessor:} 11... Bd7 12. Qd1 Bc8 13. a3 g5 {0-1 (30) Carrasco Martinez,J-Baron Rodriguez,J St Feliu 1994}) 12. Qb3 {[%cal Rf4d5]} Na5 13. Qa4+ Kf7 14. f3 a6 ({Black should play} 14... b5 $14 15. Nxb5 (15. Qxb5 Bd7 $11) 15... Rb8) 15. Nfxd5 (15. g4 $1 $16) 15... Nxd5 $11 16. fxe4 Nxc3 17. bxc3 Bd7 18. Qd1 Re8 19. exf5 {aiming for Bd5+.} Bb5 20. Rf2 Rc8 21. a4 Bc4 22. Rb1 Bg5 23. e4 $1 {Hoping for Qh5+.} Bxc1 24. Rxc1 Qg5 25. Rf4 Rcd8 26. Rb1 b5 27. axb5 axb5 28. Qc2 Kg8 29. e5 {[%mdl 1024] White has strong compensation.} Kh8 30. Be4 Rc8 31. Qf2 Rf8 32. Re1 Bg8 ({Better is} 32... Nb3) 33. f6 $1 $16 {[%cal Rf6f7]} gxf6 34. exf6 {Threatens to win with f7.} ({And not} 34. Rxf6 Rxf6 35. exf6 Rf8 $15) 34... Rc7 35. Rf5 Qh6 {[#]} 36. Rf1 $2 {[#]} (36. g4 $1 $18 {Rh5 is the strong threat.} Nc4 37. g5) 36... Nc4 $1 $17 {[%cal Rc4e3] And now ...Ne3 would win.} 37. g4 (37. Rf4 $17) 37... Nd6 $19 38. Re5 (38. g5 {is a better defense.} Qh5 39. Bf3) 38... Nxe4 ({Resist} 38... Rxc3 39. Bg2 $19) 39. Rxe4 Rxc3 40. Rf4 (40. Qf4 {was worth a try.} Qxf4 41. Rexf4) 40... Bf7 41. Qb2 (41. d5 $142 Bxd5 42. Qd4) 41... Qh3 {Strongly threatening ...Bd5.} 42. Qxb5 Rc2 {[%csl Gc2][%cal Rh3h2] Black mates.} 43. R1f2 Rc1+ 44. Rf1 {[#]} Rg8 {Played: Bf7-c4} 0-1

[Event "VI Sunway Sitges Open 2019"]
[Site "Sitges"]
[Date "2019.12.15"]
[Round "3.8"]
[White "Vocaturo, Daniele"]
[Black "Larino Nieto, David"]
[Result "1-0"]
[WhiteElo "2627"]
[BlackElo "2475"]
[Annotator "TA"]
[PlyCount "97"]
[EventDate "2019.12.13"]
[EventType "swiss"]
[EventCountry "ESP"]
[SourceTitle "playchess.com"]
[Source "ChessBase"]
[SourceQuality "1"]

{[%evp 10,96,29,14,49,45,52,52,66,32,47,33,29,49,54,69,61,38,22,29,29,30,35,36,27,25,32,35,36,36,37,35,31,32,38,30,39,46,60,28,47,35,34,34,79,73,87,80,82,87,66,54,86,72,140,136,228,232,284,284,276,281,265,286,264,170,256,242,280,270,288,279,640,629,618,606,12841,12840,12841,12841,12837,5725,12841,12842,12842,12842,12845,12845,29999]} 1. e4 c6 2. d4 d5 3. exd5 cxd5 4. Bd3 Nc6 5. c3 Nf6 6. Bf4 h6 {B13: Caro-Kann: Exchange Variation and Panov-Botvinnik Attack} (6... Bg4 7. Qb3 Qd7 8. Nd2 e6 9. Ngf3 Bd6 10. Bxd6 Qxd6 11. O-O O-O 12. Rfe1 Rab8 13. Ne5 Bh5 14. Qa4 Qc7 15. Nb3 Nd7 16. Nxd7 Qxd7 17. Bb5 Rfc8 18. Bxc6 Qxc6 19. Qxa7 {½-½ (96) Anand,V (2767)-Mamedyarov,S (2774) Stavanger 2019}) 7. Nd2 g5 8. Bg3 Bg7 {White is slightly better.} 9. h4 $146 ({Predecessor:} 9. Ngf3 Nh5 10. Be5 Bxe5 11. Nxe5 Nf4 12. Qf3 Nxe5 13. dxe5 Qb6 14. O-O Qxb2 {0-1 (35) Favarel,J (2366)-Grishchenko,S (2423) Condom 2019}) 9... Bg4 10. Qb3 Nh5 11. Bh2 Qd7 12. f3 Be6 $1 13. g4 (13. Ne2 {is more complex.} gxh4 14. O-O-O Rc8 15. Nf1 Na5 16. Qb5) 13... Nf4 14. Bxf4 $1 gxf4 15. Ne2 Qc7 16. Qc2 O-O-O 17. Nb3 Kb8 18. Bf5 Bxf5 19. Qxf5 e5 20. O-O-O Rhe8 21. Kb1 a5 22. a4 Qb6 23. Qc2 $1 f6 24. Nbc1 Qa6 25. Rd2 Ne7 26. Rhd1 Rc8 27. Nb3 b6 28. Qh7 Rg8 29. g5 hxg5 30. hxg5 e4 {...e3 is the strong threat.} 31. Nxf4 fxg5 ({Better is} 31... Qc4) 32. Ne6 $16 e3 (32... Qa7 $16) 33. Rc2 $18 Ka8 34. Re1 (34. Nxg7 $6 e2 $16) 34... Qb7 35. Nxg7 ({Less strong is} 35. Rxe3 Bf6 $16) 35... Nc6 36. Qf5 ({Much less strong is} 36. Rxe3 $6 Rxg7 37. Qd3 Ka7 $18) 36... Rxg7 37. Rxe3 Nb8 (37... Ne7 $142 38. Qf6 Ng8) 38. Rce2 Rd7 39. Qxg5 Qc6 40. Re6 Qxa4 $2 (40... Qc4) 41. Rxb6 Qc4 42. Re7 Rcc7 43. Rxd7 Nxd7 44. Qd8+ Ka7 45. Rb5 (45. Rd6 $142 Nb6 46. Nxa5 Qd3+ 47. Ka2) 45... a4 46. Nc5 Qf1+ {[#]} 47. Ka2 $1 Qc4+ {[#]} 48. Ka3 $1 Rxc5 49. Qa5# {Accuracy: White = 82%, Black = 47%.} 1-0

[Event "VI Sunway Sitges Open 2019"]
[Site "Sitges"]
[Date "2019.12.15"]
[Round "3.9"]
[White "Barseghyan, Harutyun"]
[Black "Narayanan.S.L"]
[Result "0-1"]
[WhiteElo "2498"]
[BlackElo "2626"]
[Annotator "TA"]
[PlyCount "22"]
[EventDate "2019.12.13"]
[EventType "swiss"]
[EventCountry "ESP"]
[SourceTitle "playchess.com"]
[Source "ChessBase"]
[SourceQuality "1"]

{[%evp 13,50,18,16,37,54,29,34,-88,-76,-122,-63,-73,-71,-68,-82,-80,-70,-68,-75,-107,-101,-195,-195,-211,-201,-418,-426,-543,-527,-622,-622,-608,-607,-599,-556,-675,-665,-809,-799]} 1. d4 Nf6 2. c4 g6 3. Nc3 d5 4. Bf4 Bg7 5. e3 c5 6. dxc5 Qa5 7. Rc1 O-O 8. cxd5 {D83: Grünfeld: 4 Bf4 Bg7 5 e3 0-0} Nbd7 {[%cal Bb8d7,Bd7c5,Bc5d3][%mdl 32]} (8... Rd8 9. Bc4 e6 10. Nge2 Nxd5 11. Bd6 Nxc3 12. Nxc3 b5 13. Bd3 b4 14. Ne4 b3+ 15. Qd2 Qxd2+ 16. Kxd2 bxa2 {½-½ (37) Gelfand,B (2748)-Vachier Lagrave,M (2757) Tashkent 2014}) 9. Bc4 Nxc5 10. a3 {[#]} (10. Nge2 $14 {keeps the upper hand.}) 10... b5 $146 {[%cal Rb5c4][%mdl 512]} ({Predecessor:} 10... Nfe4 11. Nge2 Nxc3 12. Nxc3 Na4 13. Qb3 Bd7 14. O-O Nb6 15. Bb5 Bxc3 16. Bxd7 {1-0 (43) Minaya Molano,J-Rosino,A The Hague 1961}) 11. Ba2 (11. Bxb5 Nfe4) 11... Nfe4 {Played: b5-b4} 0-1

[Event "VI Sunway Sitges Open 2019"]
[Site "Sitges"]
[Date "2019.12.15"]
[Round "3.10"]
[White "Heimann, Andreas"]
[Black "Yankelevich, Lev"]
[Result "0-1"]
[WhiteElo "2617"]
[BlackElo "2472"]
[Annotator "TA"]
[PlyCount "72"]
[EventDate "2019.12.13"]
[EventType "swiss"]
[EventCountry "ESP"]
[SourceTitle "playchess.com"]
[Source "ChessBase"]
[SourceQuality "1"]

{[%evp 9,84,37,56,35,58,43,49,43,43,42,66,12,19,13,56,55,69,25,62,14,23,0,0,0,0,-13,0,-12,18,0,0,0,0,-96,-91,-93,-94,-93,-89,-85,-84,-90,-91,-91,-94,-144,-144,-165,-147,-142,-127,-121,-116,-145,-145,-133,-117,-198,-197,-215,-189,-199,-204,-198,-195,-235,-233,-355,-354,-450,-441,-429,-429,-531,-524,-504,-482]} 1. d4 Nf6 2. c4 d6 3. Nc3 e5 4. Nf3 Nbd7 5. e4 g6 6. Be3 {E61: King's Indian: Early deviations for White, including Smyslov System} (6. g3 Bg7 7. Bg2 O-O 8. O-O exd4 9. Nxd4 Re8 10. h3 Nc5 11. Re1 Bd7 12. f3 Nh5 13. g4 Nf6 14. Be3 h5 15. g5 Nh7 16. f4 Nf8 17. Qd2 a6 18. b4 Na4 19. Nd5 c6 {0-1 (78) Salem,A (2638)-Demchenko,A (2660) Riadh 2017}) 6... Ng4 7. Bg5 Be7 $146 ({Predecessor:} 7... f6 8. Bd2 Nh6 9. Be2 Nf7 10. O-O Bg7 11. b4 f5 12. exf5 gxf5 13. dxe5 dxe5 {½-½ (50) Czajkowski,R (2084)-Lanc,A (2363) Tatranske Zruby 2014}) 8. Bxe7 {White is slightly better.} Qxe7 9. Qd2 Ngf6 10. O-O-O ({White should play} 10. Bd3 $14) 10... O-O $11 11. h4 c6 12. Qg5 Re8 13. h5 exd4 14. Nxd4 Qe5 15. Nf5 {[#] hxg6 is the strong threat.} Nc5 16. hxg6 $1 fxg6 17. f3 Bxf5 18. exf5 Ne6 19. Qh6 Qxf5 20. Ne4 {Hoping for Nxf6+.} Re7 21. Bd3 (21. Qh4 $11 Rf8 22. Rxd6) 21... Nxe4 22. Bxe4 Qg5+ 23. Qxg5 Nxg5 24. Bc2 Nf7 25. f4 Re2 26. g3 Kg7 27. f5 Rae8 28. Rh4 Re1 29. fxg6 Rxd1+ 30. Kxd1 hxg6 $17 {[%mdl 4096] Endgame KRB-KRN} 31. Rg4 Ne5 32. Re4 c5 33. Bd3 (33. Re2 $17 {keeps fighting.}) 33... Rh8 $19 34. Be2 g5 35. Re3 Rh1+ 36. Kd2 Kf6 {Played: Rh1-h2} 0-1

[Event "VI Sunway Sitges Open 2019"]
[Site "Sitges"]
[Date "2019.12.15"]
[Round "3.11"]
[White "Firat, Burak"]
[Black "Karthikeyan, Murali"]
[Result "1/2-1/2"]
[WhiteElo "2475"]
[BlackElo "2611"]
[Annotator "TA"]
[PlyCount "82"]
[EventDate "2019.12.13"]
[EventType "swiss"]
[EventCountry "ESP"]
[SourceTitle "playchess.com"]
[Source "ChessBase"]
[SourceQuality "1"]

{[%evp 20,82,21,13,17,17,22,-4,12,17,19,0,7,5,9,8,13,6,7,7,20,6,0,0,9,13,11,0,0,0,0,0,56,14,164,173,166,113,145,79,72,0,167,175,159,158,147,162,156,143,148,0,0,0,0,0,0,0,0,0,0,0,0,0,0]} 1. e4 c5 2. Nf3 Nc6 3. d4 cxd4 4. Nxd4 Nf6 5. Nc3 e5 6. Ndb5 d6 7. Bg5 a6 8. Na3 b5 9. Nd5 Be7 10. Bxf6 Bxf6 11. c4 b4 {B33: Sicilian: Pelikan and Sveshnikov Variations} 12. Nc2 O-O 13. g3 Rb8 (13... Bg5 {keeps more tension.} 14. Bg2 a5 15. O-O Ne7 16. h4 Bh6) (13... Bg5 14. Bg2 a5 15. O-O Ne7 16. Nce3 Bxe3 17. Nxe3 Be6 18. b3 Ra7 19. Qd3 {½-½ (52) Nepomniachtchi,I (2776)-Yu,Y (2763) Khanty-Mansiysk 2019}) 14. b3 Be6 15. Nxf6+ (15. Qd3 {looks sharper.} Bg5 16. Bg2 a5 17. O-O Bh6 18. Rad1) 15... Qxf6 16. Bg2 Rfd8 17. O-O Qe7 18. f4 $146 ({Predecessor:} 18. Qe2 Qa7 19. Kh1 a5 20. f4 f6 21. Bf3 {½-½ (22) Gavric,M (2390)-Dujkovic,S (2401) Banja Luka 2008}) 18... f6 19. f5 Bf7 20. g4 a5 21. Kh1 g5 22. fxg6 hxg6 23. Rf3 Kg7 24. Qd2 Be6 25. Raf1 Bxg4 (25... Rf8 $11) 26. Rxf6 {Strongly threatening Qg5!} Qxf6 (26... Rf8 $1 $11 {and Black is okay.} 27. Rxd6 Rbd8 28. Rxd8 Qxd8 29. Qxd8 Rxd8) 27. Rxf6 $18 Kxf6 28. h4 (28. Ne3 $18 Bh5 29. Nf5 $1 {[%mdl 512]} gxf5 30. exf5) 28... Be6 $16 {[#]} 29. Qg5+ (29. Ne3 $142 $1) 29... Kf7 30. Ne3 ({White should play} 30. Bf3 $16) 30... Ne7 $2 (30... Rh8 $11) 31. Nd5 $18 Nxd5 32. cxd5 Bd7 33. h5 Rg8 {[#]} 34. Bf3 $1 Rbe8 35. hxg6+ (35. Be2 $16) 35... Kg7 $1 $11 {The position is equal.} 36. Bg4 Bxg4 37. Qxg4 Rd8 38. Qe6 Kh6 39. Qf6 Rgf8 40. Qh4+ Kxg6 {( -> ...Rh8)} 41. Qg4+ Kh6 {Accuracy: White = 63%, Black = 64%.} 1/2-1/2

[Event "VI Sunway Sitges Open 2019"]
[Site "Sitges"]
[Date "2019.12.15"]
[Round "3.12"]
[White "Salgado Lopez, Ivan"]
[Black "Song, Raymond"]
[Result "0-1"]
[WhiteElo "2605"]
[BlackElo "2468"]
[Annotator "TA"]
[PlyCount "72"]
[EventDate "2019.12.13"]
[EventType "swiss"]
[EventCountry "ESP"]
[SourceTitle "playchess.com"]
[Source "ChessBase"]
[SourceQuality "1"]

{[%evp 18,98,10,15,13,7,11,18,24,15,27,35,29,41,56,68,44,8,0,0,12,7,20,0,0,-14,0,-12,-25,-32,-27,-25,0,0,-5,-12,0,0,7,2,6,-118,-118,-118,-121,-116,-118,-118,-128,-120,-128,-128,-128,-130,-130,-128,-126,-120,-120,-123,-122,-113,-113,-113,-112,-113,-69,-121,-121,-157,-154,-560,-545,-1754,-1658,-1754,-1731,-12842,-5591,-6406,-5683,-1484,-1372]} 1. e4 c5 2. Nf3 e6 ({Predecessor:} 2... d6 3. d4 cxd4 4. Nxd4 Nf6 5. Nc3 a6 6. f4 e6 7. Bd3 Nc6 8. Nxc6 bxc6 9. O-O Qc7 10. Qe2 d5 11. Bd2 Be7 12. Rae1 O-O 13. Kh1 Re8 14. e5 Nd7 15. Na4 Nc5 16. Nxc5 {1-0 (37) Kosten,A (2500)-Collinson,A (2325) Plymouth 1989}) 3. d4 cxd4 4. Nxd4 Nc6 5. Nc3 Qc7 6. f4 a6 7. Nxc6 bxc6 8. Bd3 d5 9. Qe2 Nf6 10. O-O Be7 {B46: Sicilian: Taimanov: 5 Nc3 a6} 11. Bd2 O-O 12. Rae1 Re8 {The position is equal.} 13. Kh1 Bf8 14. e5 Nd7 $1 15. Na4 Nc5 $146 (15... g6 16. c4 Nc5 17. Nxc5 Bxc5 18. Rc1 {1-0 (44) Sutovsky,E (2673)-Pichot,A (2552) Caleta 2018}) 16. Nxc5 Bxc5 17. c4 a5 18. Rc1 Qb6 19. Rf3 {[#] Bxh7+! is the strong threat.} g6 $1 20. cxd5 cxd5 21. Bb5 Rd8 22. f5 exf5 23. Bg5 Be6 24. Bc6 Qxc6 25. Bxd8 Rxd8 26. Rfc3 Qa4 27. Rxc5 Qxa2 28. Qb5 d4 {[%cal Bd5d4,Bd4d3][%mdl 32]} 29. Qxa5 (29. Qb6 $11 Ra8 30. Rd1) 29... Qxa5 $17 30. Rxa5 $11 {[%mdl 4096] Endgame KRR-KRB} d3 31. Rd1 d2 {[#] And now ...Bb3 would win.} 32. Ra6 Bb3 33. Rd6 Rc8 ({Don't blunder} 33... Rxd6 $2 34. exd6 Kf8 35. Rxd2 $18) 34. R6xd2 {Threatens to win with Rd8+.} Bxd1 35. Rxd1 $17 {KR-KR} Rb8 36. Rb1 Kf8 {Played: Rb8-b3} 0-1

[Event "VI Sunway Sitges Open 2019"]
[Site "Sitges"]
[Date "2019.12.15"]
[Round "3.13"]
[White "Diaz Camallonga, Carles"]
[Black "Gareyev, Timur"]
[Result "1/2-1/2"]
[WhiteElo "2468"]
[BlackElo "2598"]
[Annotator "TA"]
[PlyCount "172"]
[EventDate "2019.12.13"]
[EventType "swiss"]
[EventCountry "ESP"]
[SourceTitle "playchess.com"]
[Source "ChessBase"]
[SourceQuality "1"]

{[%evp 15,172,45,58,31,33,11,30,0,0,0,0,-6,-2,-25,0,-8,-6,-14,-16,-27,-31,-45,-41,-42,-39,-47,-43,-46,-38,-43,-43,-38,-38,-46,-23,-22,-27,-50,-23,-24,-23,-56,-44,-36,-37,-56,-47,-58,-20,-41,-22,-37,-37,-52,-52,-61,-61,-61,-54,-54,-52,-67,-57,-49,-31,-60,-31,-69,-52,-60,-40,-46,-50,-62,-58,-101,-91,-101,-101,-117,-101,-99,-107,-99,-99,-107,-107,-100,-108,-131,-116,-232,-232,-268,-268,-268,-268,-268,0,-452,-385,-379,0,0,0,0,0,0,0,0,0,0,0,0,0,0,0,0,0,0,0,0,0,0,0,0,0,0,0,0,0,0,0,0,0,0,0,0,0,0,0,0,0,0,0,0,0,0,0,0,0,0,0,0,0,0,0,0,0]} 1. e4 e5 2. Nf3 Nc6 3. Bb5 a6 4. Ba4 Nf6 5. O-O Be7 6. d3 d6 7. c3 O-O 8. Re1 Nd7 9. d4 {C84: Closed Ruy Lopez: Unusual White 6th moves} (9. Be3 Nb6 10. Bb3 Kh8 11. Nbd2 f5 12. Bxb6 cxb6 13. exf5 Bxf5 14. d4 exd4 15. Nxd4 Nxd4 16. cxd4 Qd7 {0-1 (32) Anand,V (2783)-Caruana,F (2807) Saint Louis 2017}) 9... b5 10. Bb3 Nb6 $146 ({Predecessor:} 10... Na5 11. Bc2 c5 12. Nbd2 Qc7 13. Nf1 Nc4 14. a4 Rb8 15. b3 Ncb6 16. Ne3 Nf6 {1-0 (31) Fedorchuk,S (2648)-Buhmann,R (2584) Katowice 2017}) 11. dxe5 {White has an edge.} Nxe5 12. Nxe5 dxe5 13. Qh5 Qd6 14. Be3 c5 15. Nd2 c4 16. Bc2 f6 17. Qe2 Be6 18. a4 Qc6 {[%cal Rb6a4]} 19. axb5 axb5 20. Qf1 Na4 21. Ra2 Ra6 22. Rea1 Rfa8 23. Qb1 Nc5 24. h3 Bf8 25. Rxa6 Rxa6 26. Ra2 Qa8 27. Rxa6 Qxa6 28. Nf1 Qc6 29. Ng3 g6 30. Qd1 Be7 31. Qa1 Na4 32. Ne2 Bf8 33. Qc1 Nc5 34. Qb1 Bf7 35. Ng3 h5 36. Ne2 Qb7 37. Nc1 $1 Qa8 38. Qa2 Qc6 39. Qb1 Kg7 40. Ne2 Be7 41. Ng3 {[%cal Be2g3,Bg3h1,Bh1f2][%mdl 32]} Qd7 42. Qa1 Be6 43. Kh2 Nd3 44. Qb1 h4 45. Nh1 f5 46. f3 f4 47. Bg1 b4 48. cxb4 Bxb4 49. Nf2 {[%cal Rc2d3]} Ne1 $36 {[%mdl 2048] Strongly threatening ...Qd2. Black is in control.} 50. Qc1 Qd2 51. Qxd2 Bxd2 52. Bb1 Bd7 53. Ng4 (53. Ba2 $17) 53... Bxg4 $1 $19 54. hxg4 {[%mdl 4096] Endgame KBB-KBN} Be3 55. Ba2 {[#]} h3 $1 56. Bxc4 {Hoping for Bxe3.} hxg2 $2 (56... Bxg1+ $19 57. Kxg1 hxg2) 57. Be2 $2 {[%mdl 8192]} (57. Bxe3 $11 {and White has nothing to worry.} fxe3 58. b4) 57... Kf6 58. b4 {[%cal Bb2b4,Bb4b5][%mdl 32] [#]} g5 $2 (58... Bxg1+ $1 $19 59. Kxg1 g5) 59. Bxe3 $11 {The position is equal.} fxe3 {KB-KN} 60. b5 $1 {[%cal Rb5b6] Black must now prevent b6.} Ke7 61. Kg1 Kd6 62. Kh2 $1 Kc5 63. Kg1 Kd6 64. Kh2 $1 Kd7 (64... Kc5 $5) 65. Kg1 Kc7 66. Kh2 $1 Kb6 67. Kg1 Kc5 68. Kh2 Kb6 69. Kg1 Ka5 70. Kh2 $1 Nc2 {And now ...Nd4! would win.} 71. Kxg2 Nd4 72. Kf1 $1 Kb6 73. Ke1 Kc5 74. Kd1 Ne6 75. Kc2 Nf4 76. Kd1 Ne6 77. Kc2 Nd4+ (77... Nf4 $5 78. Kd1 $8 Ne6 $11) 78. Kd1 Kb6 79. Ke1 Kc7 80. Kd1 Kb7 81. Ke1 $1 Kb6 82. Kd1 Kc5 83. Ke1 $1 Ne6 84. Kd1 Nd4 85. Ke1 $1 Ne6 86. Kd1 Nd4 {Accuracy: White = 57%, Black = 66%.} 1/2-1/2

[Event "VI Sunway Sitges Open 2019"]
[Site "Sitges"]
[Date "2019.12.15"]
[Round "3.14"]
[White "Praggnanandhaa R"]
[Black "Kjartansson, Gudmundur"]
[Result "1-0"]
[WhiteElo "2586"]
[BlackElo "2448"]
[Annotator "ChessBase"]
[PlyCount "67"]
[EventDate "2019.12.13"]
[EventType "swiss"]
[EventCountry "ESP"]
[SourceTitle "playchess.com"]
[Source "ChessBase"]
[SourceQuality "1"]
[TimeControl "40/5400+30:1800+30"]

1. Nf3 d5 {[%emt 0:00:00]} 2. g3 g6 {[%emt 0:00:30]} 3. c4 dxc4 {[%emt 0:00:30]} 4. Na3 Bg7 {[%emt 0:00:30]} 5. Nxc4 Nc6 {[%emt 0:00:30]} 6. d3 e5 {[%emt 0:00:30]} 7. Bd2 b5 {[%emt 0:00:30]} 8. Ne3 Nge7 {[%emt 0:00:30]} 9. Bg2 Rb8 {[%emt 0:00:30]} 10. O-O O-O {[%emt 0:00:30]} 11. Rc1 h6 {[%emt 0:00:30]} 12. Rc5 Qd6 {[%emt 0:00:30]} 13. Qc2 Be6 {[%emt 0:00:30]} 14. Rc1 Rb6 {[%emt 0:00:30]} 15. b4 Ra6 {[%emt 0:00:30]} 16. a4 Nd4 {[%emt 0:00:30]} 17. Nxd4 exd4 {[%emt 0:00:30]} 18. Nf1 Rxa4 {[%emt 0:00:30]} 19. Bf4 Qa6 {[%emt 0:00:30]} 20. Rxc7 Nd5 {[%emt 0:00:30]} 21. Rc6 Qb7 {[%emt 0:00:30]} 22. Qc5 Nxf4 {[%emt 0:00:30]} 23. gxf4 Qb8 {[%emt 0:00:30]} 24. Rc7 Rd8 {[%emt 0:00:30]} 25. f5 Bxf5 {[%emt 0:00:30]} 26. Bd5 Rxd5 {[%emt 0:00:30]} 27. Qxd5 Qe8 {[%emt 0:00:30]} 28. Re1 Be6 {[%emt 0:00:30]} 29. Qb7 Kh7 {[%emt 0:00:30]} 30. Re7 Qd8 {[%emt 0:00:30]} 31. Qxb5 Qxe7 {[%emt 0:00:30]} 32. Qxa4 h5 {[%emt 0:00:30]} 33. Qa5 Qh4 {[%emt 0:00:30]} 34. Qxa7 1-0

[Event "VI Sunway Sitges Open 2019"]
[Site "Sitges"]
[Date "2019.12.15"]
[Round "3.15"]
[White "Janik, Igor"]
[Black "Wagner, Dennis"]
[Result "1/2-1/2"]
[WhiteElo "2466"]
[BlackElo "2578"]
[Annotator "TA"]
[PlyCount "41"]
[EventDate "2019.12.13"]
[EventType "swiss"]
[EventCountry "ESP"]
[SourceTitle "playchess.com"]
[Source "ChessBase"]
[SourceQuality "1"]

{[%evp 17,41,0,0,12,11,0,0,0,0,0,0,0,0,0,0,0,0,0,0,0,2,0,0,0,0,0]} 1. e4 e5 2. Nf3 Nc6 3. Bc4 Bc5 4. c3 Nf6 5. d4 exd4 6. e5 d5 7. Bb5 Ne4 8. cxd4 Bb6 9. Nc3 O-O {The position is equal.} 10. Be3 {C54: Giuoco Piano: 4 c3 Nf6, main lines with 5 d4 and 5 d3} Bg4 (10... Ba5 11. Qb3 Bxc3+ 12. bxc3 Na5 13. Qb4 b6 14. O-O Bf5 15. Rfc1 Rc8 16. Ba6 Rb8 17. Bd3 Re8 {½-½ (32) Karjakin,S (2753)-Topalov,V (2740) Shamkir 2019}) 11. h3 Bh5 12. Qc2 Nxc3 13. bxc3 f6 14. exf6 Qxf6 15. Be2 Bg6 16. Bd3 Bxd3 17. Qxd3 Na5 $146 ({Predecessor:} 17... Rae8) 18. Ne5 Nc6 19. Nf3 Na5 20. Ne5 Nc6 21. Nf3 {Accuracy: White = 100%, Black = 94%.} 1/2-1/2

[Event "VI Sunway Sitges Open 2019"]
[Site "Sitges"]
[Date "2019.12.15"]
[Round "3.16"]
[White "Peralta, Fernando"]
[Black "Batsiashvili, Nino"]
[Result "0-1"]
[WhiteElo "2577"]
[BlackElo "2447"]
[Annotator "ChessBase"]
[PlyCount "40"]
[EventDate "2019.12.13"]
[EventType "swiss"]
[EventCountry "ESP"]
[SourceTitle "playchess.com"]
[Source "ChessBase"]
[SourceQuality "1"]
[TimeControl "40/5400+30:1800+30"]

1. d4 Nf6 {[%emt 0:00:00]} 2. c4 e6 {[%emt 0:00:30]} 3. Nc3 Bb4 {[%emt 0:00:30]} 4. e3 O-O {[%emt 0:00:30]} 5. Bd3 d5 {[%emt 0:00:30]} 6. Nf3 dxc4 {[%emt 0:00:30]} 7. Bxc4 c5 {[%emt 0:00:30]} 8. O-O Nc6 {[%emt 0:00:30]} 9. a3 Ba5 {[%emt 0:00:30]} 10. Ba2 h6 {[%emt 0:00:30]} 11. Qd3 Re8 {[%emt 0:00:30]} 12. Rd1 a6 {[%emt 0:00:30]} 13. Ne4 Nxe4 {[%emt 0:00:30]} 14. Qxe4 Bc7 {[%emt 0:00:30]} 15. h4 Qd6 {[%emt 0:00:30]} 16. Bd2 cxd4 {[%emt 0:00:30]} 17. exd4 Bd7 {[%emt 0:00:30]} 18. Rac1 Rad8 {[%emt 0:00:30]} 19. Bb1 f5 {[%emt 0:00:30]} 20. Qe2 Nxd4 {[%emt 0:00:30]} 0-1